000 00600nam a2200169 i 4500
001 71543
003 ES-MaACL
005 20230906171147.0
007 t|
008 040812s1953 sp ||||1| spa d
100 1 _aGenoveva de la Santa Faz.
_956348
245 1 0 _aSanta Teresita del Niño Jesús
_b: consejos y recuerdos /
_cGenoveva de la Santa Faz ; traducción del francés por Emeterio G. Setién.
260 _aBurgos :
_bEl Monte Carmelo,
_c1953.
300 _a292 p., 4 lám. ;
_c17 cm.
700 1 _aEmeterio G. Setién de J. M. (
_d1915-2001)
_9171444
852 _aES-MaACL
_jC-8857
_bR.35573
999 _c71543
_d71543